00977cam a2200277 a 450000100100000000500170001000800410002702000150006804000300008304100380011308200180015110000340016924000290020324500770023226000400030930000210034953400370037065000310040765000350043870000400047391000340051391000070054704900090055495201210056399900150068400000443620200929151436.0940824s1996 ag 000 f spa d a9500815613 aDO-SdBNPcDLCdDLCdOCoLC17aspaheng2Código de idioma MARC a813.54bD491s1 aDeveraux, Jude,d1947-91160410aRemembrance.lEspañol.10aSombras de amor /cJude Deveraux; traducción de María Eleonor Gorga. aBuenos Aires :bAtlántida,c1996. a392 p. ;c23 cm. aTítulo original:tRemembrance. 4aNovela estadounidense9262 4aLiteratura estadounidense92631 aGorga, María Eleonor,etr.911558 aCatalogación por copia / LC aWM aBNGR 001052708MOaGRbGRcHDd2009-09-17iLF1l0o813.54 D491sp4436-10r2020-06-25w2020-06-25y2ZPréstamo interno c4245d4245